000 00805nam a22002297a 4500
005 20170124110249.0
010 _aA-408522
020 _c230.00
035 _aA-408522
037 _bCen Lib/Ret
040 _aDPL
_bEN
082 _a614.1
_bPAR
100 _aParikh, C.K.
_998305
245 _aMedical postmortems in India :
_b a colour atlas, including text, techniques and principles of analytical toxicology- guidelines for crime investigations /
_cby C.K. Parikh
260 _aBombay
_bMedical Publications
_c1985
270 _bBombay
_a6, Owners court, Colaba
_e400005
300 _axiii, 184p. :
_c22cm(Hb)
_bill.
500 _aIncludes index
650 _aForensic pathology -- Technique.
_998306
650 _aAutopsy -- India.
_998307
942 _2ddc
_cEN
_h614.1
_mPAR
999 _c135748
_d135748